000 00683nam a22002417a 4500
005 20170123162336.0
010 _a448004
020 _c2.00
035 _a448004
037 _bCen Lib/Ret
040 _aDPL
_bUR
082 _a921
_bا ب و
110 _aپبلکشنس دوسرں
_9124239
245 _aابو الکلام آزاد /
246 _aAbul kalam Azad /
260 _bپبلکشنس دوسرں
300 _a224p.
_c21cm(Hb)
650 _aادب -- اردو
_9124240
650 _aاردو سوانے عمری
_9124241
650 _aLiterature -- urdu
_9124242
650 _aurdu biography
_9511
942 _2ddc
_cUR
_h921
_mا ب و
999 _c108158
_d108158